[Event "Lippe Cup-B 07th"]
[Site "Lieme"]
[Date "2010.10.16"]
[Round "2"]
[White "Staniek, Roman"]
[Black "Kroeger, Dennis Kurt"]
[Result "1-0"]
[WhiteElo "1611"]
[BlackElo "1481"]
[PlyCount "41"]
[EventDate "2010.10.15"]
[EventType "swiss"]
[EventRounds "5"]
[EventCountry "GER"]
[SourceTitle "EXT 2012"]
[Source "ChessBase"]
[SourceDate "2011.11.24"]
[SourceVersion "1"]
[SourceVersionDate "2011.11.24"]
[SourceQuality "1"]

1. e4 e5 2. Nf3 Nf6 3. Nc3 Nc6 4. Bb5 d6 5. d4 Bd7 6. dxe5 Nxe5 7. Nxe5 dxe5 8. Bg5 c6 9. Bc4 Bc5 10. Qf3 Bg4 11. Qg3 Qd4 12. Bxf6 gxf6 13. 0-0 f5 14. exf5 Qxc4 15. Qxe5+ Kd7 16. Rfd1+ Bxd1 17. Rxd1+ Bd6 18. Rxd6+ Kc8 19. Qxh8+ Kc7 20. Qe5 Qa6 21. Nd5+ 1-0

[Event "Lippe Cup-B 07th"]
[Site "Lieme"]
[Date "2010.10.15"]
[Round "1"]
[White "Langenhop, Nils"]
[Black "Staniek, Roman"]
[Result "0-1"]
[WhiteElo "1260"]
[BlackElo "1611"]
[PlyCount "70"]
[EventDate "2010.10.15"]
[EventType "swiss"]
[EventRounds "5"]
[EventCountry "GER"]
[SourceTitle "EXT 2012"]
[Source "ChessBase"]
[SourceDate "2011.11.24"]
[SourceVersion "1"]
[SourceVersionDate "2011.11.24"]
[SourceQuality "1"]

1. e4 e6 2. d4 d5 3. exd5 exd5 4. Nf3 Nf6 5. Bf4 Be7 6. Be2 c6 7. Nbd2 Qb6 8. Nb3 Ne4 9. c3 0-0 10. 0-0 Bf5 11. Bd3 Nd7 12. Qc2 c5 13. dxc5 Bxc5 14. Nbd4 Bxd4 15. Nxd4 Bg6 16. Rfe1 Ndc5 17. Bxe4 Bxe4 18. Qd2 Nd3 19. b4 Nxe1 20. Rxe1 Rfe8 21. Re3 Bg6 22. Rg3 Qf6 23. Bg5 Qe5 24. Kf1 Qe4 25. Re3 Qb1+ 26. Ke2 Rxe3+ 27. Bxe3 Re8 28. f3 Qg1 29. g4 Qxh2+ 30. Ke1 Qe5 31. Kf2 Bb1 32. Bf4 Qf6 33. Bg5 Qa6 34. Nf5 Bxa2 35. Nxg7 Kxg7 0-1

[Event "Lippe Cup 06th"]
[Site "Lieme"]
[Date "2009.10.16"]
[Round "1"]
[White "Staniek, Roman"]
[Black "Reineke, Timon"]
[Result "1-0"]
[WhiteElo "1581"]
[BlackElo "1218"]
[PlyCount "45"]
[EventDate "2009.10.16"]
[EventType "swiss"]
[EventRounds "5"]
[EventCountry "GER"]
[SourceTitle "EXT 2012"]
[Source "ChessBase"]
[SourceDate "2011.11.24"]
[SourceVersion "1"]
[SourceVersionDate "2011.11.24"]
[SourceQuality "1"]

1. e4 c5 2. f4 Nc6 3. Nf3 g6 4. d3 Bg7 5. c3 d5 6. e5 f6 7. exf6 Nxf6 8. Be2 0-0 9. 0-0 Be6 10. Ng5 Qd7 11. Na3 d4 12. Nb5 dxc3 13. Nxe6 Qxe6 14. bxc3 Nd5 15. Bg4 Qf7 16. Qe1 Nd8 17. Bd2 h5 18. Bf3 Nxf4 19. Bxf4 Qxf4 20. Bd5+ Kh8 21. Rxf4 Rxf4 22. Qg3 Rf6 23. Rf1 1-0

[Event "Lippe Cup 02nd"]
[Site "Lieme"]
[Date "2005.10.08"]
[Round "3"]
[White "Staniek, Roman"]
[Black "Roselius, Christian"]
[Result "1-0"]
[WhiteElo "1712"]
[BlackElo "1367"]
[PlyCount "79"]
[EventDate "2005.10.07"]
[EventType "swiss"]
[EventRounds "5"]
[EventCountry "GER"]
[SourceTitle "EXT 2012"]
[Source "ChessBase"]
[SourceDate "2011.11.24"]
[SourceVersion "1"]
[SourceVersionDate "2011.11.24"]
[SourceQuality "1"]

1. f4 d5 2. Nf3 Nf6 3. e3 Nc6 4. Be2 Bf5 5. d3 e6 6. 0-0 Bd6 7. Nc3 0-0 8. Nh4 Bg6 9. Qe1 Re8 10. Nxg6 fxg6 11. Bf3 Nb4 12. Qf2 e5 13. fxe5 Bxe5 14. d4 Bd6 15. a3 Nc6 16. Bxd5+ Nxd5 17. Qf7+ Kh8 18. Qxd5 Rf8 19. Rxf8+ Qxf8 20. Bd2 Rd8 21. Qf3 Qe7 22. Rf1 Re8 23. Nd5 Qd8 24. c4 Rf8 25. Qg4 Bxh2+ 26. Kxh2 Rxf1 27. Nf4 Rb1 28. Bc3 g5 29. d5 Na5 30. Ne6 Qd6+ 31. Nf4 Qd8 32. Bxg7+ Kg8 33. Qe6+ Kxg7 34. Nh5+ Kf8 35. Qf5+ Kg8 36. Qe6+ Kf8 37. Qh6+ Ke8 38. Qe6+ Qe7 39. Nf6+ Kd8 40. Qg8+ 1-0

[Event "Lippe Cup 01st"]
[Site "Lieme"]
[Date "2004.10.23"]
[Round "3"]
[White "Staniek, Roman"]
[Black "Aleanakian, Gabriel"]
[Result "1-0"]
[WhiteElo "1674"]
[BlackElo "1618"]
[PlyCount "119"]
[EventDate "2004.10.22"]
[EventType "swiss"]
[EventRounds "5"]
[EventCountry "GER"]
[SourceTitle "EXT 2012"]
[Source "ChessBase"]
[SourceDate "2011.11.24"]
[SourceVersion "1"]
[SourceVersionDate "2011.11.24"]
[SourceQuality "1"]

1. e4 c5 2. f4 d6 3. Nf3 g6 4. Be2 Bg7 5. d3 Nf6 6. c3 0-0 7. 0-0 Nc6 8. Na3 a6 9. Nc2 b5 10. Qe1 b4 11. e5 dxe5 12. Nxe5 Nxe5 13. fxe5 Ne8 14. cxb4 cxb4 15. Bf3 Rb8 16. d4 Be6 17. b3 f6 18. exf6 Rxf6 19. Bg5 Qb6 20. Bxf6 Bxf6 21. Rd1 Bf5 22. Be4 Bg4 23. Bf3 Bf5 24. Be4 Bg4 25. Rd2 Rd8 26. Qf2 Nd6 27. Bd5+ Kg7 28. Qf4 Bf5 29. g4 Bxc2 30. Rxc2 Qxd4+ 31. Qxd4 Bxd4+ 32. Kg2 Rf8 33. h4 h5 34. Rxf8 Kxf8 35. Kf3 hxg4+ 36. Kxg4 Kg7 37. Rc6 Nf5 38. Bc4 Ne3+ 39. Kf3 Nf5 40. Kg4 Ne3+ 41. Kh3 Nxc4 42. bxc4 a5 43. Ra6 Bc3 44. c5 Kf7 45. c6 Ke6 46. c7+ Kd7 47. Rxa5 Kxc7 48. Rg5 Kc6 49. Rxg6+ Kd5 50. h5 Kc4 51. h6 Kd5 52. h7 Bh8 53. Rg8 Bf6 54. h8Q Bxh8 55. Rxh8 e5 56. Kg2 Kd4 57. Kf1 Kd3 58. Ke1 e4 59. Rb8 Kc3 60. Ke2 1-0

[Event "Lippe Cup 01st"]
[Site "Lieme"]
[Date "2004.10.22"]
[Round "1"]
[White "Staniek, Roman"]
[Black "Henkemeier, Markus"]
[Result "1-0"]
[WhiteElo "1674"]
[BlackElo "1420"]
[PlyCount "111"]
[EventDate "2004.10.22"]
[EventType "swiss"]
[EventRounds "5"]
[EventCountry "GER"]
[SourceTitle "EXT 2012"]
[Source "ChessBase"]
[SourceDate "2011.11.24"]
[SourceVersion "1"]
[SourceVersionDate "2011.11.24"]
[SourceQuality "1"]

1. e4 e6 2. f4 b6 3. Nf3 Bb7 4. d3 Bc5 5. c3 Nf6 6. d4 Be7 7. e5 Nd5 8. Be2 0-0 9. a3 c5 10. 0-0 d6 11. c4 Nc7 12. Nc3 cxd4 13. exd6 Bxd6 14. Nxd4 Bc5 15. Be3 Nc6 16. Nc2 Bxe3+ 17. Nxe3 Qxd1 18. Raxd1 Rad8 19. Bf3 Na5 20. Bxb7 Nxb7 21. Rxd8 Rxd8 22. Rd1 Rxd1+ 23. Nexd1 Kf8 24. Kf2 Ke7 25. Ne3 Nc5 26. b4 Nd3+ 27. Kf3 Kf6 28. g3 e5 29. Ke2 Nc1+ 30. Kd2 Nb3+ 31. Kd3 h5 32. Ne4+ Ke6 33. f5+ Ke7 34. Nc2 g6 35. fxg6 fxg6 36. Nf2 Ne6 37. Ke4 Kf6 38. Nd3 Nd2+ 39. Kd5 Kf5 40. Ne3+ Kf6 41. Nxe5 Nc7+ 42. Kd6 Ne8+ 43. Kd5 Nc7+ 44. Kd4 Ne6+ 45. Kd3 Kxe5 46. Kxd2 Kd4 47. h4 g5 48. a4 gxh4 49. gxh4 a6 50. b5 a5 51. Nd5 Kc5 52. Kd3 Ng7 53. Nf6 Kd6 54. Ne4+ Ke5 55. c5 bxc5 56. b6 1-0